Countries with Largest Zoroastrian population - Statistics

General Stats
  • This quiz has been taken 687 times
  • The average score is 8 of 11
Answer Stats
Population Country % Correct
25,271 Iran
95%
69,000 India
92%
11,000 USA
90%
5,000 Pakistan
88%
4,105 UK
81%
5,000 Canada
77%
10,000 Afghanistan
74%
2,700 Australia
65%
2,000 New Zealand
51%
2,000 Azerbaijan
44%
4,500 Singapore
19%
No matching quizzes found
Score Distribution
Percent of People with Each Score
Percentile by Number Answered
Your Score History
You have not taken this quiz